<?xml version="1.0" encoding="UTF-8"?>
<record
    xmlns:xsi="http://www.w3.org/2001/XMLSchema-instance"
    xsi:schemaLocation="http://www.loc.gov/MARC21/slim http://www.loc.gov/standards/marcxml/schema/MARC21slim.xsd"
    xmlns="http://www.loc.gov/MARC21/slim">

  <leader>03319cam a22004694a 4500</leader>
  <controlfield tag="001">6971370</controlfield>
  <controlfield tag="003">AQSWEDFR</controlfield>
  <controlfield tag="005">20220326193251.0</controlfield>
  <controlfield tag="008">080407s2008    mauabf   b    001 0deng  </controlfield>
  <datafield tag="010" ind1=" " ind2=" ">
    <subfield code="a">  2008014632</subfield>
  </datafield>
  <datafield tag="020" ind1=" " ind2=" ">
    <subfield code="a">9780306816079</subfield>
  </datafield>
  <datafield tag="020" ind1=" " ind2=" ">
    <subfield code="a">0306816075</subfield>
  </datafield>
  <datafield tag="024" ind1=" " ind2=" ">
    <subfield code="a">99932065067</subfield>
  </datafield>
  <datafield tag="035" ind1=" " ind2=" ">
    <subfield code="a">(OCoLC)222664703</subfield>
    <subfield code="z">(OCoLC)191926180</subfield>
  </datafield>
  <datafield tag="035" ind1=" " ind2=" ">
    <subfield code="a">(OCoLC)ocn222664703</subfield>
  </datafield>
  <datafield tag="035" ind1=" " ind2=" ">
    <subfield code="a">(NNC)6971370</subfield>
  </datafield>
  <datafield tag="040" ind1=" " ind2=" ">
    <subfield code="a">DLC</subfield>
    <subfield code="c">DLC</subfield>
    <subfield code="d">BTCTA</subfield>
    <subfield code="d">BAKER</subfield>
    <subfield code="d">OCLCG</subfield>
    <subfield code="d">C#P</subfield>
    <subfield code="d">CDX</subfield>
    <subfield code="d">BWX</subfield>
    <subfield code="d">YDXCP</subfield>
    <subfield code="d">OrLoB-B</subfield>
  </datafield>
  <datafield tag="043" ind1=" " ind2=" ">
    <subfield code="a">ncnq---</subfield>
    <subfield code="a">n-us---</subfield>
  </datafield>
  <datafield tag="050" ind1="0" ind2="0">
    <subfield code="a">F1526.27</subfield>
    <subfield code="b">.D36 2008</subfield>
  </datafield>
  <datafield tag="082" ind1="0" ind2="0">
    <subfield code="a">972</subfield>
    <subfield code="b">D177t</subfield>
  </datafield>
  <datafield tag="100" ind1="1" ind2=" ">
    <subfield code="a">Dando-Collins, Stephen.</subfield>
    <subfield code="9">621</subfield>
  </datafield>
  <datafield tag="245" ind1="1" ind2="0">
    <subfield code="a">Tycoon's war :</subfield>
    <subfield code="b">how Cornelius Vanderbilt invaded a country to overthrow America's most famous military adventurer /</subfield>
    <subfield code="c">Stephen Dando-Collins.</subfield>
  </datafield>
  <datafield tag="260" ind1=" " ind2=" ">
    <subfield code="a">Cambridge, MA :</subfield>
    <subfield code="b">Da Capo Press,</subfield>
    <subfield code="c">c2008.</subfield>
  </datafield>
  <datafield tag="300" ind1=" " ind2=" ">
    <subfield code="a">vii, 373 p., [16] p. of plates :</subfield>
    <subfield code="b">ill., maps ;</subfield>
    <subfield code="c">25 cm.</subfield>
  </datafield>
  <datafield tag="504" ind1=" " ind2=" ">
    <subfield code="a">Includes bibliographical references (p. 343-346) and index.</subfield>
  </datafield>
  <datafield tag="505" ind1="0" ind2="0">
    <subfield code="g">1.</subfield>
    <subfield code="t">Gun-Barrel Diplomacy -- </subfield>
    <subfield code="g">2.</subfield>
    <subfield code="t">Down, but Not Out -- </subfield>
    <subfield code="g">3.</subfield>
    <subfield code="t">Enter the Colonel -- </subfield>
    <subfield code="g">4.</subfield>
    <subfield code="t">Landing Behind Enemy Lines -- </subfield>
    <subfield code="g">5.</subfield>
    <subfield code="t">The Battle of Rivas -- </subfield>
    <subfield code="g">6.</subfield>
    <subfield code="t">Victory at La Virgen -- </subfield>
    <subfield code="g">7.</subfield>
    <subfield code="t">Walker's Secret Plan -- </subfield>
    <subfield code="g">8.</subfield>
    <subfield code="t">Taking Granada -- </subfield>
    <subfield code="g">9.</subfield>
    <subfield code="t">The Walker Way -- </subfield>
    <subfield code="g">10.</subfield>
    <subfield code="t">Closing In on the Prize -- </subfield>
    <subfield code="g">11.</subfield>
    <subfield code="t">On a Collision Course -- </subfield>
    <subfield code="g">12.</subfield>
    <subfield code="t">Blindsiding Vanderbilt -- </subfield>
    <subfield code="g">13.</subfield>
    <subfield code="t">The Gathering Storm -- </subfield>
    <subfield code="g">14.</subfield>
    <subfield code="t">Going to War with Walker -- </subfield>
    <subfield code="g">15.</subfield>
    <subfield code="t">The Battle of Santa Rosa -- </subfield>
    <subfield code="g">16.</subfield>
    <subfield code="t">Courts-Martial and Firing Squads -- </subfield>
    <subfield code="g">17.</subfield>
    <subfield code="t">A Killing or Two -- </subfield>
    <subfield code="g">18.</subfield>
    <subfield code="t">The Second Battle of Rivas -- </subfield>
    <subfield code="g">19.</subfield>
    <subfield code="t">President Walker -- </subfield>
    <subfield code="g">20.</subfield>
    <subfield code="t">Battles on All Fronts -- </subfield>
    <subfield code="g">21.</subfield>
    <subfield code="t">New Battlegrounds -- </subfield>
    <subfield code="g">22.</subfield>
    <subfield code="t">Wheeling and Dealing -- </subfield>
    <subfield code="g">23.</subfield>
    <subfield code="t">Here Was Granada -- </subfield>
    <subfield code="g">24.</subfield>
    <subfield code="t">Closing Nicaragua's Back Door -- </subfield>
    <subfield code="g">25.</subfield>
    <subfield code="t">Operation San Juan -- </subfield>
    <subfield code="g">26.</subfield>
    <subfield code="t">To the Victor, the Spoils -- </subfield>
    <subfield code="g">27.</subfield>
    <subfield code="t">The Surrender -- </subfield>
    <subfield code="t">The Protagonists' Motives.</subfield>
  </datafield>
  <datafield tag="520" ind1="1" ind2=" ">
    <subfield code="a">"Tycoon's War tells the story of an epic imperialist duel - a violent battle of the capitalist versus the idealist, money versus ambition, and a monumental clash of egos that resulted in the deaths of thousands of Americans." "Written by Stephen Dando-Collins, this incredible true story, impeccably researched. and never before told in full, is packed with greed, intrigue, and some of the most hair-raising battle scenes ever written. The story of the great tycoon's war reverberates to this day, telling us as much about where America is going as where it has been."--BOOK JACKET.</subfield>
  </datafield>
  <datafield tag="600" ind1="1" ind2="0">
    <subfield code="a">Vanderbilt, Cornelius,</subfield>
    <subfield code="d">1794-1877.</subfield>
    <subfield code="9">622</subfield>
  </datafield>
  <datafield tag="600" ind1="1" ind2="0">
    <subfield code="a">Walker, William,</subfield>
    <subfield code="d">1824-1860.</subfield>
    <subfield code="9">623</subfield>
  </datafield>
  <datafield tag="610" ind1="2" ind2="0">
    <subfield code="a">Compa&#xF1;&#xED;a Accesoria del Tr&#xE1;nsito</subfield>
    <subfield code="x">History.</subfield>
    <subfield code="9">624</subfield>
  </datafield>
  <datafield tag="650" ind1=" " ind2="0">
    <subfield code="a">Businessmen</subfield>
    <subfield code="z">United States</subfield>
    <subfield code="v">Biography.</subfield>
    <subfield code="9">625</subfield>
  </datafield>
  <datafield tag="650" ind1=" " ind2="0">
    <subfield code="a">Nicaragua- Historia- Filibusteros 1856-1857</subfield>
    <subfield code="z">Nicaragua</subfield>
    <subfield code="x">relaciones militares Nicaragua- Estados Unidos</subfield>
    <subfield code="x">Historia</subfield>
    <subfield code="9">626</subfield>
  </datafield>
  <datafield tag="650" ind1=" " ind2="0">
    <subfield code="a">Filibusters</subfield>
    <subfield code="z">Nicaragua</subfield>
    <subfield code="v">Biography.</subfield>
    <subfield code="9">627</subfield>
  </datafield>
  <datafield tag="651" ind1=" " ind2="0">
    <subfield code="a">Nicaragua</subfield>
    <subfield code="x">History</subfield>
    <subfield code="y">Filibuster War, 1855-1860.</subfield>
    <subfield code="9">628</subfield>
  </datafield>
  <datafield tag="651" ind1=" " ind2="0">
    <subfield code="a">United States</subfield>
    <subfield code="x">Military relations</subfield>
    <subfield code="z">Nicaragua.</subfield>
    <subfield code="9">629</subfield>
  </datafield>
  <datafield tag="651" ind1=" " ind2="0">
    <subfield code="a">Nicaragua</subfield>
    <subfield code="x">Military relations</subfield>
    <subfield code="z">United States.</subfield>
    <subfield code="9">630</subfield>
  </datafield>
  <datafield tag="651" ind1=" " ind2="0">
    <subfield code="a">Nicaragua Canal (Nicaragua)</subfield>
    <subfield code="x">History.</subfield>
    <subfield code="9">631</subfield>
  </datafield>
  <datafield tag="651" ind1=" " ind2="0">
    <subfield code="a">United States</subfield>
    <subfield code="x">Foreign relations</subfield>
    <subfield code="y">1815-1861.</subfield>
    <subfield code="9">632</subfield>
  </datafield>
  <datafield tag="700" ind1=" " ind2=" ">
    <subfield code="a">Stephen Dando- Collins</subfield>
    <subfield code="9">633</subfield>
  </datafield>
  <datafield tag="900" ind1=" " ind2=" ">
    <subfield code="b">TOC</subfield>
  </datafield>
  <datafield tag="948" ind1="1" ind2=" ">
    <subfield code="a">20090105</subfield>
    <subfield code="b">c</subfield>
    <subfield code="c">rad1</subfield>
    <subfield code="d">MPS</subfield>
  </datafield>
  <datafield tag="999" ind1=" " ind2=" ">
    <subfield code="c">127</subfield>
    <subfield code="d">127</subfield>
  </datafield>
  <datafield tag="952" ind1=" " ind2=" ">
    <subfield code="0">0</subfield>
    <subfield code="1">0</subfield>
    <subfield code="2">ddc</subfield>
    <subfield code="4">0</subfield>
    <subfield code="7">0</subfield>
    <subfield code="a">LV</subfield>
    <subfield code="b">LV</subfield>
    <subfield code="c">Pensamiento</subfield>
    <subfield code="d">2014-05-19</subfield>
    <subfield code="l">0</subfield>
    <subfield code="o">972 D177t</subfield>
    <subfield code="p">003982</subfield>
    <subfield code="r">2014-05-19 00:00:00</subfield>
    <subfield code="w">2014-05-19</subfield>
    <subfield code="y">01</subfield>
  </datafield>
</record>
